000 00344nam a2200145Ia 4500
008 191201s2008 xx 000 0 und d
082 _a621.38
_bLIM
100 _aLIAO, Samuel Y
245 0 _aMicrowave Device and Circuits
250 _a8th IMP
260 _aN.Delhi
_bPearson
_c2008
300 _a561
650 _aB.Tech(ECE)
942 _2ddc
_cBK
999 _c665
_d665